[Event "Andalucia-ch U14 1011"]
[Site "Almeria"]
[Date "2011.03.25"]
[Round "1.5"]
[White "Garcia Del Campo, Oscar"]
[Black "Troncoso Sanchez, Javier"]
[Result "0-1"]
[WhiteElo "1402"]
[BlackElo "1803"]
[PlyCount "37"]
[EventDate "2011.03.25"]
[EventType "swiss"]
[EventRounds "9"]
[EventCountry "ESP"]
[SourceTitle "EXT 2024"]
[Source "ChessBase"]
[SourceDate "2023.10.10"]
[SourceVersion "1"]
[SourceVersionDate "2023.10.10"]
[SourceQuality "1"]

1. d4 f5 2. Nf3 Nf6 3. Bf4 e6 4. e3 d5 5. Nbd2 Bd6 6. Ne5 Nbd7 7. Nxd7 Bxd7 8. Bxd6 cxd6 9. Bd3 0-0 10. Qf3 Be8 11. h4 Qb6 12. 0-0-0 Bh5 13. Qg3 Bxd1 14. Rxd1 Rfd8 15. Nf3 Ne4 16. Bxe4 dxe4 17. Ng5 Re8 18. Qf4 Qa5 19. Kb1 0-1